| 000 | 00695nam a22001937a 4500 | ||
|---|---|---|---|
| 999 |
_c17467 _d17467 |
||
| 003 | AR-CdUCM | ||
| 008 | 190508b ||||| |||| 00| 0 spa d | ||
| 040 |
_aMUNICIPALIDAD PROVINCIAL DEL CUSCO _cBIBLIOTECA MUNICIPAL DEL CUSCO |
||
| 082 |
_a104 / _bA11 |
||
| 100 |
_aAbad Carretero, Luis. _937502 |
||
| 245 | _aVida y sentido / | ||
| 260 |
_aMéxico : _bCuadernos americanos, _c1960. |
||
| 300 |
_a386 páginas ; _c21 cm. |
||
| 440 |
_n51. _937503 |
||
| 505 | _aContenido : El querer, punto de partida -- El sentido y las fuerzas psicologicas -- Iniciación a la sentidologia -- Apreciaciones sobre el sentido ... | ||
| 650 |
_aVida. _9884 |
||
| 942 |
_2ddc _cLIBROS |
||
| 945 |
_arum _d2019-05-08 |
||